<?xml version="1.0" encoding="UTF-8"?>
<record
    xmlns:xsi="http://www.w3.org/2001/XMLSchema-instance"
    xsi:schemaLocation="http://www.loc.gov/MARC21/slim http://www.loc.gov/standards/marcxml/schema/MARC21slim.xsd"
    xmlns="http://www.loc.gov/MARC21/slim">

  <leader>00326nam a2200145Ia 4500</leader>
  <controlfield tag="003">OSt</controlfield>
  <controlfield tag="005">20240306121103.0</controlfield>
  <controlfield tag="008">170523s9999    xx            000 0 und d</controlfield>
  <datafield tag="020" ind1=" " ind2=" ">
    <subfield code="a">978-1944659011</subfield>
  </datafield>
  <datafield tag="040" ind1=" " ind2=" ">
    <subfield code="c">IIMT UNIVERSITY</subfield>
  </datafield>
  <datafield tag="100" ind1=" " ind2=" ">
    <subfield code="a">Love Lock</subfield>
  </datafield>
  <datafield tag="245" ind1=" " ind2="0">
    <subfield code="a">MARKETING OF SERVICES</subfield>
  </datafield>
  <datafield tag="260" ind1=" " ind2=" ">
    <subfield code="b">Pearson</subfield>
  </datafield>
  <datafield tag="942" ind1=" " ind2=" ">
    <subfield code="2">ddc</subfield>
    <subfield code="c">02</subfield>
  </datafield>
  <datafield tag="999" ind1=" " ind2=" ">
    <subfield code="c">1050</subfield>
    <subfield code="d">1050</subfield>
  </datafield>
  <datafield tag="952" ind1=" " ind2=" ">
    <subfield code="0">0</subfield>
    <subfield code="1">0</subfield>
    <subfield code="2">ddc</subfield>
    <subfield code="4">0</subfield>
    <subfield code="7">0</subfield>
    <subfield code="a">01</subfield>
    <subfield code="b">01</subfield>
    <subfield code="d">2017-05-31</subfield>
    <subfield code="l">0</subfield>
    <subfield code="p">01-B-4538</subfield>
    <subfield code="r">2017-05-31</subfield>
    <subfield code="w">2017-05-31</subfield>
    <subfield code="y">02</subfield>
  </datafield>
  <datafield tag="952" ind1=" " ind2=" ">
    <subfield code="0">0</subfield>
    <subfield code="1">0</subfield>
    <subfield code="2">ddc</subfield>
    <subfield code="4">0</subfield>
    <subfield code="7">0</subfield>
    <subfield code="a">01</subfield>
    <subfield code="b">01</subfield>
    <subfield code="d">2017-05-31</subfield>
    <subfield code="l">1</subfield>
    <subfield code="p">01-B-4539</subfield>
    <subfield code="r">2025-08-27</subfield>
    <subfield code="s">2025-08-27</subfield>
    <subfield code="w">2017-05-31</subfield>
    <subfield code="y">02</subfield>
  </datafield>
  <datafield tag="952" ind1=" " ind2=" ">
    <subfield code="0">0</subfield>
    <subfield code="1">0</subfield>
    <subfield code="2">ddc</subfield>
    <subfield code="4">0</subfield>
    <subfield code="7">0</subfield>
    <subfield code="a">01</subfield>
    <subfield code="b">01</subfield>
    <subfield code="d">2017-05-31</subfield>
    <subfield code="l">0</subfield>
    <subfield code="p">01-B-4540</subfield>
    <subfield code="r">2017-05-31</subfield>
    <subfield code="w">2017-05-31</subfield>
    <subfield code="y">02</subfield>
  </datafield>
  <datafield tag="952" ind1=" " ind2=" ">
    <subfield code="0">0</subfield>
    <subfield code="1">0</subfield>
    <subfield code="2">ddc</subfield>
    <subfield code="4">0</subfield>
    <subfield code="7">0</subfield>
    <subfield code="a">01</subfield>
    <subfield code="b">01</subfield>
    <subfield code="d">2017-05-31</subfield>
    <subfield code="l">1</subfield>
    <subfield code="p">01-B-4541</subfield>
    <subfield code="r">2023-07-08</subfield>
    <subfield code="s">2023-03-23</subfield>
    <subfield code="w">2017-05-31</subfield>
    <subfield code="y">02</subfield>
  </datafield>
  <datafield tag="952" ind1=" " ind2=" ">
    <subfield code="0">0</subfield>
    <subfield code="1">0</subfield>
    <subfield code="2">ddc</subfield>
    <subfield code="4">0</subfield>
    <subfield code="7">0</subfield>
    <subfield code="a">01</subfield>
    <subfield code="b">01</subfield>
    <subfield code="d">2017-05-31</subfield>
    <subfield code="l">0</subfield>
    <subfield code="p">01-B-4543</subfield>
    <subfield code="r">2017-05-31</subfield>
    <subfield code="w">2017-05-31</subfield>
    <subfield code="y">02</subfield>
  </datafield>
  <datafield tag="952" ind1=" " ind2=" ">
    <subfield code="0">0</subfield>
    <subfield code="1">0</subfield>
    <subfield code="2">ddc</subfield>
    <subfield code="4">0</subfield>
    <subfield code="7">0</subfield>
    <subfield code="a">01</subfield>
    <subfield code="b">01</subfield>
    <subfield code="d">2017-05-31</subfield>
    <subfield code="l">0</subfield>
    <subfield code="p">01-B-4545</subfield>
    <subfield code="r">2017-05-31</subfield>
    <subfield code="w">2017-05-31</subfield>
    <subfield code="y">02</subfield>
  </datafield>
  <datafield tag="952" ind1=" " ind2=" ">
    <subfield code="0">0</subfield>
    <subfield code="1">0</subfield>
    <subfield code="2">ddc</subfield>
    <subfield code="4">0</subfield>
    <subfield code="7">0</subfield>
    <subfield code="a">01</subfield>
    <subfield code="b">01</subfield>
    <subfield code="d">2017-05-31</subfield>
    <subfield code="l">0</subfield>
    <subfield code="p">01-B-4546</subfield>
    <subfield code="r">2017-05-31</subfield>
    <subfield code="w">2017-05-31</subfield>
    <subfield code="y">02</subfield>
  </datafield>
  <datafield tag="952" ind1=" " ind2=" ">
    <subfield code="0">0</subfield>
    <subfield code="1">0</subfield>
    <subfield code="2">ddc</subfield>
    <subfield code="4">0</subfield>
    <subfield code="7">0</subfield>
    <subfield code="a">01</subfield>
    <subfield code="b">01</subfield>
    <subfield code="d">2017-05-31</subfield>
    <subfield code="l">0</subfield>
    <subfield code="p">01-B-4547</subfield>
    <subfield code="r">2017-05-31</subfield>
    <subfield code="w">2017-05-31</subfield>
    <subfield code="y">02</subfield>
  </datafield>
  <datafield tag="952" ind1=" " ind2=" ">
    <subfield code="0">0</subfield>
    <subfield code="1">0</subfield>
    <subfield code="2">ddc</subfield>
    <subfield code="4">0</subfield>
    <subfield code="7">0</subfield>
    <subfield code="a">01</subfield>
    <subfield code="b">01</subfield>
    <subfield code="d">2017-05-31</subfield>
    <subfield code="l">0</subfield>
    <subfield code="p">01-B-4581</subfield>
    <subfield code="r">2017-05-31</subfield>
    <subfield code="w">2017-05-31</subfield>
    <subfield code="y">02</subfield>
  </datafield>
  <datafield tag="952" ind1=" " ind2=" ">
    <subfield code="0">0</subfield>
    <subfield code="1">0</subfield>
    <subfield code="2">ddc</subfield>
    <subfield code="4">0</subfield>
    <subfield code="7">0</subfield>
    <subfield code="a">01</subfield>
    <subfield code="b">01</subfield>
    <subfield code="d">2017-05-31</subfield>
    <subfield code="l">0</subfield>
    <subfield code="p">01-B-4582</subfield>
    <subfield code="r">2017-05-31</subfield>
    <subfield code="w">2017-05-31</subfield>
    <subfield code="y">02</subfield>
  </datafield>
  <datafield tag="952" ind1=" " ind2=" ">
    <subfield code="0">0</subfield>
    <subfield code="1">0</subfield>
    <subfield code="2">ddc</subfield>
    <subfield code="4">0</subfield>
    <subfield code="7">0</subfield>
    <subfield code="a">01</subfield>
    <subfield code="b">01</subfield>
    <subfield code="d">2017-05-31</subfield>
    <subfield code="l">0</subfield>
    <subfield code="p">01-B-4583</subfield>
    <subfield code="r">2017-05-31</subfield>
    <subfield code="w">2017-05-31</subfield>
    <subfield code="y">02</subfield>
  </datafield>
  <datafield tag="952" ind1=" " ind2=" ">
    <subfield code="0">0</subfield>
    <subfield code="1">0</subfield>
    <subfield code="2">ddc</subfield>
    <subfield code="4">0</subfield>
    <subfield code="7">0</subfield>
    <subfield code="a">01</subfield>
    <subfield code="b">01</subfield>
    <subfield code="d">2017-05-31</subfield>
    <subfield code="l">0</subfield>
    <subfield code="p">01-B-4584</subfield>
    <subfield code="r">2017-05-31</subfield>
    <subfield code="w">2017-05-31</subfield>
    <subfield code="y">02</subfield>
  </datafield>
  <datafield tag="952" ind1=" " ind2=" ">
    <subfield code="0">0</subfield>
    <subfield code="1">0</subfield>
    <subfield code="2">ddc</subfield>
    <subfield code="4">0</subfield>
    <subfield code="7">0</subfield>
    <subfield code="a">01</subfield>
    <subfield code="b">01</subfield>
    <subfield code="d">2017-05-31</subfield>
    <subfield code="l">0</subfield>
    <subfield code="p">01-B-4613</subfield>
    <subfield code="r">2017-05-31</subfield>
    <subfield code="w">2017-05-31</subfield>
    <subfield code="y">02</subfield>
  </datafield>
  <datafield tag="952" ind1=" " ind2=" ">
    <subfield code="0">0</subfield>
    <subfield code="1">0</subfield>
    <subfield code="2">ddc</subfield>
    <subfield code="4">0</subfield>
    <subfield code="7">0</subfield>
    <subfield code="a">01</subfield>
    <subfield code="b">01</subfield>
    <subfield code="d">2017-05-31</subfield>
    <subfield code="l">0</subfield>
    <subfield code="p">01-B-4615</subfield>
    <subfield code="r">2017-05-31</subfield>
    <subfield code="w">2017-05-31</subfield>
    <subfield code="y">02</subfield>
  </datafield>
  <datafield tag="952" ind1=" " ind2=" ">
    <subfield code="0">0</subfield>
    <subfield code="1">0</subfield>
    <subfield code="2">ddc</subfield>
    <subfield code="4">0</subfield>
    <subfield code="7">0</subfield>
    <subfield code="a">01</subfield>
    <subfield code="b">01</subfield>
    <subfield code="d">2017-05-31</subfield>
    <subfield code="l">0</subfield>
    <subfield code="p">01-B-4616</subfield>
    <subfield code="r">2017-05-31</subfield>
    <subfield code="w">2017-05-31</subfield>
    <subfield code="y">02</subfield>
  </datafield>
  <datafield tag="952" ind1=" " ind2=" ">
    <subfield code="0">0</subfield>
    <subfield code="1">0</subfield>
    <subfield code="2">ddc</subfield>
    <subfield code="4">0</subfield>
    <subfield code="7">0</subfield>
    <subfield code="a">01</subfield>
    <subfield code="b">01</subfield>
    <subfield code="d">2017-05-31</subfield>
    <subfield code="l">0</subfield>
    <subfield code="p">01-B-4617</subfield>
    <subfield code="r">2017-05-31</subfield>
    <subfield code="w">2017-05-31</subfield>
    <subfield code="y">02</subfield>
  </datafield>
  <datafield tag="952" ind1=" " ind2=" ">
    <subfield code="0">0</subfield>
    <subfield code="1">0</subfield>
    <subfield code="2">ddc</subfield>
    <subfield code="4">0</subfield>
    <subfield code="7">0</subfield>
    <subfield code="a">01</subfield>
    <subfield code="b">01</subfield>
    <subfield code="d">2017-05-31</subfield>
    <subfield code="l">0</subfield>
    <subfield code="p">01-B-4618</subfield>
    <subfield code="r">2017-05-31</subfield>
    <subfield code="w">2017-05-31</subfield>
    <subfield code="y">02</subfield>
  </datafield>
  <datafield tag="952" ind1=" " ind2=" ">
    <subfield code="0">0</subfield>
    <subfield code="1">0</subfield>
    <subfield code="2">ddc</subfield>
    <subfield code="4">0</subfield>
    <subfield code="7">0</subfield>
    <subfield code="a">01</subfield>
    <subfield code="b">01</subfield>
    <subfield code="d">2017-05-31</subfield>
    <subfield code="l">0</subfield>
    <subfield code="p">01-B-4619</subfield>
    <subfield code="r">2017-05-31</subfield>
    <subfield code="w">2017-05-31</subfield>
    <subfield code="y">02</subfield>
  </datafield>
  <datafield tag="952" ind1=" " ind2=" ">
    <subfield code="0">0</subfield>
    <subfield code="1">0</subfield>
    <subfield code="2">ddc</subfield>
    <subfield code="4">0</subfield>
    <subfield code="7">0</subfield>
    <subfield code="a">01</subfield>
    <subfield code="b">01</subfield>
    <subfield code="d">2017-05-31</subfield>
    <subfield code="l">0</subfield>
    <subfield code="p">01-B-4621</subfield>
    <subfield code="r">2017-05-31</subfield>
    <subfield code="w">2017-05-31</subfield>
    <subfield code="y">02</subfield>
  </datafield>
  <datafield tag="952" ind1=" " ind2=" ">
    <subfield code="0">0</subfield>
    <subfield code="1">0</subfield>
    <subfield code="2">ddc</subfield>
    <subfield code="4">0</subfield>
    <subfield code="7">0</subfield>
    <subfield code="a">01</subfield>
    <subfield code="b">01</subfield>
    <subfield code="d">2017-05-31</subfield>
    <subfield code="l">0</subfield>
    <subfield code="p">01-B-4622</subfield>
    <subfield code="r">2017-05-31</subfield>
    <subfield code="w">2017-05-31</subfield>
    <subfield code="y">02</subfield>
  </datafield>
  <datafield tag="952" ind1=" " ind2=" ">
    <subfield code="0">0</subfield>
    <subfield code="1">0</subfield>
    <subfield code="2">ddc</subfield>
    <subfield code="4">0</subfield>
    <subfield code="7">0</subfield>
    <subfield code="a">01</subfield>
    <subfield code="b">01</subfield>
    <subfield code="d">2017-05-31</subfield>
    <subfield code="l">0</subfield>
    <subfield code="p">01-B-4623</subfield>
    <subfield code="r">2017-05-31</subfield>
    <subfield code="w">2017-05-31</subfield>
    <subfield code="y">02</subfield>
  </datafield>
  <datafield tag="952" ind1=" " ind2=" ">
    <subfield code="0">0</subfield>
    <subfield code="1">0</subfield>
    <subfield code="2">ddc</subfield>
    <subfield code="4">0</subfield>
    <subfield code="7">0</subfield>
    <subfield code="a">01</subfield>
    <subfield code="b">01</subfield>
    <subfield code="d">2017-05-31</subfield>
    <subfield code="l">0</subfield>
    <subfield code="p">01-B-4624</subfield>
    <subfield code="r">2017-05-31</subfield>
    <subfield code="w">2017-05-31</subfield>
    <subfield code="y">02</subfield>
  </datafield>
  <datafield tag="952" ind1=" " ind2=" ">
    <subfield code="0">0</subfield>
    <subfield code="1">0</subfield>
    <subfield code="2">ddc</subfield>
    <subfield code="4">0</subfield>
    <subfield code="7">0</subfield>
    <subfield code="a">01</subfield>
    <subfield code="b">01</subfield>
    <subfield code="d">2017-05-31</subfield>
    <subfield code="l">0</subfield>
    <subfield code="p">01-B-4625</subfield>
    <subfield code="r">2017-05-31</subfield>
    <subfield code="w">2017-05-31</subfield>
    <subfield code="y">02</subfield>
  </datafield>
  <datafield tag="952" ind1=" " ind2=" ">
    <subfield code="0">0</subfield>
    <subfield code="1">0</subfield>
    <subfield code="2">ddc</subfield>
    <subfield code="4">0</subfield>
    <subfield code="7">0</subfield>
    <subfield code="a">01</subfield>
    <subfield code="b">01</subfield>
    <subfield code="d">2017-05-31</subfield>
    <subfield code="l">1</subfield>
    <subfield code="p">01-B-4626</subfield>
    <subfield code="r">2019-06-12</subfield>
    <subfield code="s">2019-02-13</subfield>
    <subfield code="w">2017-05-31</subfield>
    <subfield code="y">02</subfield>
  </datafield>
  <datafield tag="952" ind1=" " ind2=" ">
    <subfield code="0">0</subfield>
    <subfield code="1">0</subfield>
    <subfield code="2">ddc</subfield>
    <subfield code="4">0</subfield>
    <subfield code="7">0</subfield>
    <subfield code="a">01</subfield>
    <subfield code="b">01</subfield>
    <subfield code="d">2017-05-31</subfield>
    <subfield code="l">0</subfield>
    <subfield code="p">01-B-4627</subfield>
    <subfield code="r">2017-05-31</subfield>
    <subfield code="w">2017-05-31</subfield>
    <subfield code="y">02</subfield>
  </datafield>
  <datafield tag="952" ind1=" " ind2=" ">
    <subfield code="0">0</subfield>
    <subfield code="1">0</subfield>
    <subfield code="2">ddc</subfield>
    <subfield code="4">0</subfield>
    <subfield code="7">0</subfield>
    <subfield code="a">01</subfield>
    <subfield code="b">01</subfield>
    <subfield code="d">2017-05-31</subfield>
    <subfield code="l">0</subfield>
    <subfield code="p">01-B-4628</subfield>
    <subfield code="r">2017-05-31</subfield>
    <subfield code="w">2017-05-31</subfield>
    <subfield code="y">02</subfield>
  </datafield>
  <datafield tag="952" ind1=" " ind2=" ">
    <subfield code="0">0</subfield>
    <subfield code="1">0</subfield>
    <subfield code="2">ddc</subfield>
    <subfield code="4">0</subfield>
    <subfield code="7">0</subfield>
    <subfield code="a">01</subfield>
    <subfield code="b">01</subfield>
    <subfield code="d">2017-05-31</subfield>
    <subfield code="l">0</subfield>
    <subfield code="p">01-B-4629</subfield>
    <subfield code="r">2017-05-31</subfield>
    <subfield code="w">2017-05-31</subfield>
    <subfield code="y">02</subfield>
  </datafield>
  <datafield tag="952" ind1=" " ind2=" ">
    <subfield code="0">0</subfield>
    <subfield code="1">0</subfield>
    <subfield code="2">ddc</subfield>
    <subfield code="4">0</subfield>
    <subfield code="7">0</subfield>
    <subfield code="a">01</subfield>
    <subfield code="b">01</subfield>
    <subfield code="d">2017-05-31</subfield>
    <subfield code="l">0</subfield>
    <subfield code="p">01-B-4630</subfield>
    <subfield code="r">2017-05-31</subfield>
    <subfield code="w">2017-05-31</subfield>
    <subfield code="y">02</subfield>
  </datafield>
  <datafield tag="952" ind1=" " ind2=" ">
    <subfield code="0">0</subfield>
    <subfield code="1">0</subfield>
    <subfield code="2">ddc</subfield>
    <subfield code="4">0</subfield>
    <subfield code="7">0</subfield>
    <subfield code="a">01</subfield>
    <subfield code="b">01</subfield>
    <subfield code="d">2017-05-31</subfield>
    <subfield code="l">0</subfield>
    <subfield code="p">01-B-4631</subfield>
    <subfield code="r">2017-05-31</subfield>
    <subfield code="w">2017-05-31</subfield>
    <subfield code="y">02</subfield>
  </datafield>
  <datafield tag="952" ind1=" " ind2=" ">
    <subfield code="0">0</subfield>
    <subfield code="1">0</subfield>
    <subfield code="2">ddc</subfield>
    <subfield code="4">0</subfield>
    <subfield code="7">0</subfield>
    <subfield code="a">01</subfield>
    <subfield code="b">01</subfield>
    <subfield code="d">2017-05-31</subfield>
    <subfield code="l">0</subfield>
    <subfield code="p">01-B-4632</subfield>
    <subfield code="r">2017-05-31</subfield>
    <subfield code="w">2017-05-31</subfield>
    <subfield code="y">02</subfield>
  </datafield>
  <datafield tag="952" ind1=" " ind2=" ">
    <subfield code="0">0</subfield>
    <subfield code="1">0</subfield>
    <subfield code="2">ddc</subfield>
    <subfield code="4">0</subfield>
    <subfield code="7">0</subfield>
    <subfield code="a">01</subfield>
    <subfield code="b">01</subfield>
    <subfield code="d">2017-05-31</subfield>
    <subfield code="l">0</subfield>
    <subfield code="p">01-B-4633</subfield>
    <subfield code="r">2017-05-31</subfield>
    <subfield code="w">2017-05-31</subfield>
    <subfield code="y">02</subfield>
  </datafield>
  <datafield tag="952" ind1=" " ind2=" ">
    <subfield code="0">0</subfield>
    <subfield code="1">0</subfield>
    <subfield code="2">ddc</subfield>
    <subfield code="4">0</subfield>
    <subfield code="7">0</subfield>
    <subfield code="a">01</subfield>
    <subfield code="b">01</subfield>
    <subfield code="d">2017-05-31</subfield>
    <subfield code="l">0</subfield>
    <subfield code="p">01-B-4634</subfield>
    <subfield code="r">2017-05-31</subfield>
    <subfield code="w">2017-05-31</subfield>
    <subfield code="y">02</subfield>
  </datafield>
  <datafield tag="952" ind1=" " ind2=" ">
    <subfield code="0">0</subfield>
    <subfield code="1">0</subfield>
    <subfield code="2">ddc</subfield>
    <subfield code="4">0</subfield>
    <subfield code="7">0</subfield>
    <subfield code="a">01</subfield>
    <subfield code="b">01</subfield>
    <subfield code="d">2017-05-31</subfield>
    <subfield code="l">0</subfield>
    <subfield code="p">01-B-4635</subfield>
    <subfield code="r">2017-05-31</subfield>
    <subfield code="w">2017-05-31</subfield>
    <subfield code="y">02</subfield>
  </datafield>
  <datafield tag="952" ind1=" " ind2=" ">
    <subfield code="0">0</subfield>
    <subfield code="1">0</subfield>
    <subfield code="2">ddc</subfield>
    <subfield code="4">0</subfield>
    <subfield code="7">0</subfield>
    <subfield code="a">01</subfield>
    <subfield code="b">01</subfield>
    <subfield code="d">2017-05-31</subfield>
    <subfield code="l">0</subfield>
    <subfield code="p">01-B-4636</subfield>
    <subfield code="r">2017-05-31</subfield>
    <subfield code="w">2017-05-31</subfield>
    <subfield code="y">02</subfield>
  </datafield>
  <datafield tag="952" ind1=" " ind2=" ">
    <subfield code="0">0</subfield>
    <subfield code="1">0</subfield>
    <subfield code="2">ddc</subfield>
    <subfield code="4">0</subfield>
    <subfield code="7">0</subfield>
    <subfield code="a">01</subfield>
    <subfield code="b">01</subfield>
    <subfield code="d">2017-05-31</subfield>
    <subfield code="l">0</subfield>
    <subfield code="p">01-B-4638</subfield>
    <subfield code="r">2017-05-31</subfield>
    <subfield code="w">2017-05-31</subfield>
    <subfield code="y">02</subfield>
  </datafield>
  <datafield tag="952" ind1=" " ind2=" ">
    <subfield code="0">0</subfield>
    <subfield code="1">0</subfield>
    <subfield code="2">ddc</subfield>
    <subfield code="4">0</subfield>
    <subfield code="7">0</subfield>
    <subfield code="a">01</subfield>
    <subfield code="b">01</subfield>
    <subfield code="d">2017-05-31</subfield>
    <subfield code="l">0</subfield>
    <subfield code="p">01-B-4639</subfield>
    <subfield code="r">2017-05-31</subfield>
    <subfield code="w">2017-05-31</subfield>
    <subfield code="y">02</subfield>
  </datafield>
  <datafield tag="952" ind1=" " ind2=" ">
    <subfield code="0">0</subfield>
    <subfield code="1">0</subfield>
    <subfield code="2">ddc</subfield>
    <subfield code="4">0</subfield>
    <subfield code="7">0</subfield>
    <subfield code="a">01</subfield>
    <subfield code="b">01</subfield>
    <subfield code="d">2017-05-31</subfield>
    <subfield code="l">0</subfield>
    <subfield code="p">01-B-4640</subfield>
    <subfield code="r">2017-05-31</subfield>
    <subfield code="w">2017-05-31</subfield>
    <subfield code="y">02</subfield>
  </datafield>
  <datafield tag="952" ind1=" " ind2=" ">
    <subfield code="0">0</subfield>
    <subfield code="1">0</subfield>
    <subfield code="2">ddc</subfield>
    <subfield code="4">0</subfield>
    <subfield code="7">0</subfield>
    <subfield code="a">01</subfield>
    <subfield code="b">01</subfield>
    <subfield code="d">2017-05-31</subfield>
    <subfield code="l">0</subfield>
    <subfield code="p">01-B-4678</subfield>
    <subfield code="r">2017-05-31</subfield>
    <subfield code="w">2017-05-31</subfield>
    <subfield code="y">02</subfield>
  </datafield>
  <datafield tag="952" ind1=" " ind2=" ">
    <subfield code="0">0</subfield>
    <subfield code="1">0</subfield>
    <subfield code="2">ddc</subfield>
    <subfield code="4">0</subfield>
    <subfield code="7">0</subfield>
    <subfield code="a">01</subfield>
    <subfield code="b">01</subfield>
    <subfield code="d">2017-05-31</subfield>
    <subfield code="l">0</subfield>
    <subfield code="p">01-B-4679</subfield>
    <subfield code="r">2017-05-31</subfield>
    <subfield code="w">2017-05-31</subfield>
    <subfield code="y">02</subfield>
  </datafield>
  <datafield tag="952" ind1=" " ind2=" ">
    <subfield code="0">0</subfield>
    <subfield code="1">0</subfield>
    <subfield code="2">ddc</subfield>
    <subfield code="4">0</subfield>
    <subfield code="7">0</subfield>
    <subfield code="a">01</subfield>
    <subfield code="b">01</subfield>
    <subfield code="d">2017-05-31</subfield>
    <subfield code="l">0</subfield>
    <subfield code="p">01-B-4680</subfield>
    <subfield code="r">2017-05-31</subfield>
    <subfield code="w">2017-05-31</subfield>
    <subfield code="y">02</subfield>
  </datafield>
  <datafield tag="952" ind1=" " ind2=" ">
    <subfield code="0">0</subfield>
    <subfield code="1">0</subfield>
    <subfield code="2">ddc</subfield>
    <subfield code="4">0</subfield>
    <subfield code="7">0</subfield>
    <subfield code="a">01</subfield>
    <subfield code="b">01</subfield>
    <subfield code="d">2017-05-31</subfield>
    <subfield code="l">0</subfield>
    <subfield code="p">01-B-4681</subfield>
    <subfield code="r">2017-05-31</subfield>
    <subfield code="w">2017-05-31</subfield>
    <subfield code="y">02</subfield>
  </datafield>
  <datafield tag="952" ind1=" " ind2=" ">
    <subfield code="0">0</subfield>
    <subfield code="1">0</subfield>
    <subfield code="2">ddc</subfield>
    <subfield code="4">0</subfield>
    <subfield code="7">0</subfield>
    <subfield code="a">01</subfield>
    <subfield code="b">01</subfield>
    <subfield code="d">2017-05-31</subfield>
    <subfield code="l">0</subfield>
    <subfield code="p">01-B-4682</subfield>
    <subfield code="r">2017-05-31</subfield>
    <subfield code="w">2017-05-31</subfield>
    <subfield code="y">02</subfield>
  </datafield>
  <datafield tag="952" ind1=" " ind2=" ">
    <subfield code="0">0</subfield>
    <subfield code="1">0</subfield>
    <subfield code="2">ddc</subfield>
    <subfield code="4">0</subfield>
    <subfield code="7">0</subfield>
    <subfield code="a">01</subfield>
    <subfield code="b">01</subfield>
    <subfield code="d">2017-05-31</subfield>
    <subfield code="l">0</subfield>
    <subfield code="p">01-B-4683</subfield>
    <subfield code="r">2017-05-31</subfield>
    <subfield code="w">2017-05-31</subfield>
    <subfield code="y">02</subfield>
  </datafield>
  <datafield tag="952" ind1=" " ind2=" ">
    <subfield code="0">0</subfield>
    <subfield code="1">0</subfield>
    <subfield code="2">ddc</subfield>
    <subfield code="4">0</subfield>
    <subfield code="7">0</subfield>
    <subfield code="a">01</subfield>
    <subfield code="b">01</subfield>
    <subfield code="d">2017-05-31</subfield>
    <subfield code="l">0</subfield>
    <subfield code="p">01-B-4684</subfield>
    <subfield code="r">2017-05-31</subfield>
    <subfield code="w">2017-05-31</subfield>
    <subfield code="y">02</subfield>
  </datafield>
  <datafield tag="952" ind1=" " ind2=" ">
    <subfield code="0">0</subfield>
    <subfield code="1">0</subfield>
    <subfield code="2">ddc</subfield>
    <subfield code="4">0</subfield>
    <subfield code="7">0</subfield>
    <subfield code="a">01</subfield>
    <subfield code="b">01</subfield>
    <subfield code="d">2017-05-31</subfield>
    <subfield code="l">1</subfield>
    <subfield code="p">01-B-4685</subfield>
    <subfield code="r">2023-07-04</subfield>
    <subfield code="s">2023-03-15</subfield>
    <subfield code="w">2017-05-31</subfield>
    <subfield code="y">02</subfield>
  </datafield>
  <datafield tag="952" ind1=" " ind2=" ">
    <subfield code="0">0</subfield>
    <subfield code="1">0</subfield>
    <subfield code="2">ddc</subfield>
    <subfield code="4">0</subfield>
    <subfield code="7">0</subfield>
    <subfield code="a">01</subfield>
    <subfield code="b">01</subfield>
    <subfield code="d">2017-05-31</subfield>
    <subfield code="l">0</subfield>
    <subfield code="p">01-B-4686</subfield>
    <subfield code="r">2017-05-31</subfield>
    <subfield code="w">2017-05-31</subfield>
    <subfield code="y">02</subfield>
  </datafield>
  <datafield tag="952" ind1=" " ind2=" ">
    <subfield code="0">0</subfield>
    <subfield code="1">0</subfield>
    <subfield code="2">ddc</subfield>
    <subfield code="4">0</subfield>
    <subfield code="7">0</subfield>
    <subfield code="a">01</subfield>
    <subfield code="b">01</subfield>
    <subfield code="d">2017-05-31</subfield>
    <subfield code="l">0</subfield>
    <subfield code="p">01-B-4687</subfield>
    <subfield code="r">2017-05-31</subfield>
    <subfield code="w">2017-05-31</subfield>
    <subfield code="y">02</subfield>
  </datafield>
  <datafield tag="952" ind1=" " ind2=" ">
    <subfield code="0">0</subfield>
    <subfield code="1">0</subfield>
    <subfield code="2">ddc</subfield>
    <subfield code="4">0</subfield>
    <subfield code="7">0</subfield>
    <subfield code="a">01</subfield>
    <subfield code="b">01</subfield>
    <subfield code="d">2017-05-31</subfield>
    <subfield code="l">0</subfield>
    <subfield code="p">01-B-4694</subfield>
    <subfield code="r">2017-05-31</subfield>
    <subfield code="w">2017-05-31</subfield>
    <subfield code="y">02</subfield>
  </datafield>
  <datafield tag="952" ind1=" " ind2=" ">
    <subfield code="0">0</subfield>
    <subfield code="1">0</subfield>
    <subfield code="2">ddc</subfield>
    <subfield code="4">0</subfield>
    <subfield code="7">0</subfield>
    <subfield code="a">01</subfield>
    <subfield code="b">01</subfield>
    <subfield code="d">2017-05-31</subfield>
    <subfield code="l">0</subfield>
    <subfield code="p">01-B-4695</subfield>
    <subfield code="r">2017-05-31</subfield>
    <subfield code="w">2017-05-31</subfield>
    <subfield code="y">02</subfield>
  </datafield>
  <datafield tag="952" ind1=" " ind2=" ">
    <subfield code="0">0</subfield>
    <subfield code="1">0</subfield>
    <subfield code="2">ddc</subfield>
    <subfield code="4">0</subfield>
    <subfield code="7">0</subfield>
    <subfield code="a">01</subfield>
    <subfield code="b">01</subfield>
    <subfield code="d">2017-05-31</subfield>
    <subfield code="l">0</subfield>
    <subfield code="p">01-B-4696</subfield>
    <subfield code="r">2017-05-31</subfield>
    <subfield code="w">2017-05-31</subfield>
    <subfield code="y">02</subfield>
  </datafield>
  <datafield tag="952" ind1=" " ind2=" ">
    <subfield code="0">0</subfield>
    <subfield code="1">0</subfield>
    <subfield code="2">ddc</subfield>
    <subfield code="4">0</subfield>
    <subfield code="7">0</subfield>
    <subfield code="a">01</subfield>
    <subfield code="b">01</subfield>
    <subfield code="d">2017-05-31</subfield>
    <subfield code="l">0</subfield>
    <subfield code="p">01-B-4702</subfield>
    <subfield code="r">2017-05-31</subfield>
    <subfield code="w">2017-05-31</subfield>
    <subfield code="y">02</subfield>
  </datafield>
  <datafield tag="952" ind1=" " ind2=" ">
    <subfield code="0">0</subfield>
    <subfield code="1">0</subfield>
    <subfield code="2">ddc</subfield>
    <subfield code="4">0</subfield>
    <subfield code="7">0</subfield>
    <subfield code="a">01</subfield>
    <subfield code="b">01</subfield>
    <subfield code="d">2017-05-31</subfield>
    <subfield code="l">0</subfield>
    <subfield code="p">01-B-4704</subfield>
    <subfield code="r">2017-05-31</subfield>
    <subfield code="w">2017-05-31</subfield>
    <subfield code="y">02</subfield>
  </datafield>
  <datafield tag="952" ind1=" " ind2=" ">
    <subfield code="0">0</subfield>
    <subfield code="1">0</subfield>
    <subfield code="2">ddc</subfield>
    <subfield code="4">0</subfield>
    <subfield code="7">0</subfield>
    <subfield code="a">01</subfield>
    <subfield code="b">01</subfield>
    <subfield code="d">2017-05-31</subfield>
    <subfield code="l">0</subfield>
    <subfield code="p">01-B-4705</subfield>
    <subfield code="r">2017-05-31</subfield>
    <subfield code="w">2017-05-31</subfield>
    <subfield code="y">02</subfield>
  </datafield>
  <datafield tag="952" ind1=" " ind2=" ">
    <subfield code="0">0</subfield>
    <subfield code="1">0</subfield>
    <subfield code="2">ddc</subfield>
    <subfield code="4">0</subfield>
    <subfield code="7">0</subfield>
    <subfield code="a">01</subfield>
    <subfield code="b">01</subfield>
    <subfield code="d">2017-05-31</subfield>
    <subfield code="l">0</subfield>
    <subfield code="p">01-B-4706</subfield>
    <subfield code="r">2017-05-31</subfield>
    <subfield code="w">2017-05-31</subfield>
    <subfield code="y">02</subfield>
  </datafield>
  <datafield tag="952" ind1=" " ind2=" ">
    <subfield code="0">0</subfield>
    <subfield code="1">0</subfield>
    <subfield code="2">ddc</subfield>
    <subfield code="4">0</subfield>
    <subfield code="7">0</subfield>
    <subfield code="a">01</subfield>
    <subfield code="b">01</subfield>
    <subfield code="d">2017-05-31</subfield>
    <subfield code="l">0</subfield>
    <subfield code="p">01-B-4707</subfield>
    <subfield code="r">2017-05-31</subfield>
    <subfield code="w">2017-05-31</subfield>
    <subfield code="y">02</subfield>
  </datafield>
  <datafield tag="952" ind1=" " ind2=" ">
    <subfield code="0">0</subfield>
    <subfield code="1">0</subfield>
    <subfield code="2">ddc</subfield>
    <subfield code="4">0</subfield>
    <subfield code="7">0</subfield>
    <subfield code="a">01</subfield>
    <subfield code="b">01</subfield>
    <subfield code="d">2017-05-31</subfield>
    <subfield code="l">0</subfield>
    <subfield code="p">01-B-4709</subfield>
    <subfield code="r">2017-05-31</subfield>
    <subfield code="w">2017-05-31</subfield>
    <subfield code="y">02</subfield>
  </datafield>
  <datafield tag="952" ind1=" " ind2=" ">
    <subfield code="0">0</subfield>
    <subfield code="1">0</subfield>
    <subfield code="2">ddc</subfield>
    <subfield code="4">0</subfield>
    <subfield code="7">0</subfield>
    <subfield code="a">01</subfield>
    <subfield code="b">01</subfield>
    <subfield code="d">2017-05-31</subfield>
    <subfield code="l">0</subfield>
    <subfield code="p">01-B-4710</subfield>
    <subfield code="r">2017-05-31</subfield>
    <subfield code="w">2017-05-31</subfield>
    <subfield code="y">02</subfield>
  </datafield>
  <datafield tag="952" ind1=" " ind2=" ">
    <subfield code="0">0</subfield>
    <subfield code="1">0</subfield>
    <subfield code="2">ddc</subfield>
    <subfield code="4">0</subfield>
    <subfield code="7">0</subfield>
    <subfield code="a">01</subfield>
    <subfield code="b">01</subfield>
    <subfield code="d">2017-05-31</subfield>
    <subfield code="l">0</subfield>
    <subfield code="p">01-B-4714</subfield>
    <subfield code="r">2017-05-31</subfield>
    <subfield code="w">2017-05-31</subfield>
    <subfield code="y">02</subfield>
  </datafield>
  <datafield tag="952" ind1=" " ind2=" ">
    <subfield code="0">0</subfield>
    <subfield code="1">0</subfield>
    <subfield code="2">ddc</subfield>
    <subfield code="4">0</subfield>
    <subfield code="7">0</subfield>
    <subfield code="a">01</subfield>
    <subfield code="b">01</subfield>
    <subfield code="d">2017-05-31</subfield>
    <subfield code="l">0</subfield>
    <subfield code="p">01-B-4715</subfield>
    <subfield code="r">2017-05-31</subfield>
    <subfield code="w">2017-05-31</subfield>
    <subfield code="y">02</subfield>
  </datafield>
  <datafield tag="952" ind1=" " ind2=" ">
    <subfield code="0">0</subfield>
    <subfield code="1">0</subfield>
    <subfield code="2">ddc</subfield>
    <subfield code="4">0</subfield>
    <subfield code="7">0</subfield>
    <subfield code="a">01</subfield>
    <subfield code="b">01</subfield>
    <subfield code="d">2017-05-31</subfield>
    <subfield code="l">0</subfield>
    <subfield code="p">01-B-4716</subfield>
    <subfield code="r">2017-05-31</subfield>
    <subfield code="w">2017-05-31</subfield>
    <subfield code="y">02</subfield>
  </datafield>
  <datafield tag="952" ind1=" " ind2=" ">
    <subfield code="0">0</subfield>
    <subfield code="1">0</subfield>
    <subfield code="2">ddc</subfield>
    <subfield code="4">0</subfield>
    <subfield code="7">0</subfield>
    <subfield code="a">01</subfield>
    <subfield code="b">01</subfield>
    <subfield code="d">2017-05-31</subfield>
    <subfield code="l">0</subfield>
    <subfield code="p">01-B-4717</subfield>
    <subfield code="r">2017-05-31</subfield>
    <subfield code="w">2017-05-31</subfield>
    <subfield code="y">02</subfield>
  </datafield>
  <datafield tag="952" ind1=" " ind2=" ">
    <subfield code="0">0</subfield>
    <subfield code="1">0</subfield>
    <subfield code="2">ddc</subfield>
    <subfield code="4">0</subfield>
    <subfield code="7">0</subfield>
    <subfield code="a">01</subfield>
    <subfield code="b">01</subfield>
    <subfield code="d">2017-05-31</subfield>
    <subfield code="l">0</subfield>
    <subfield code="p">01-B-4718</subfield>
    <subfield code="r">2017-05-31</subfield>
    <subfield code="w">2017-05-31</subfield>
    <subfield code="y">02</subfield>
  </datafield>
  <datafield tag="952" ind1=" " ind2=" ">
    <subfield code="0">0</subfield>
    <subfield code="1">0</subfield>
    <subfield code="2">ddc</subfield>
    <subfield code="4">0</subfield>
    <subfield code="7">0</subfield>
    <subfield code="a">01</subfield>
    <subfield code="b">01</subfield>
    <subfield code="d">2017-05-31</subfield>
    <subfield code="l">0</subfield>
    <subfield code="p">01-B-4720</subfield>
    <subfield code="r">2018-01-29</subfield>
    <subfield code="w">2017-05-31</subfield>
    <subfield code="y">02</subfield>
  </datafield>
  <datafield tag="952" ind1=" " ind2=" ">
    <subfield code="0">0</subfield>
    <subfield code="1">0</subfield>
    <subfield code="2">ddc</subfield>
    <subfield code="4">0</subfield>
    <subfield code="7">0</subfield>
    <subfield code="a">01</subfield>
    <subfield code="b">01</subfield>
    <subfield code="d">2017-05-31</subfield>
    <subfield code="l">0</subfield>
    <subfield code="p">01-B-4824</subfield>
    <subfield code="r">2017-05-31</subfield>
    <subfield code="w">2017-05-31</subfield>
    <subfield code="y">02</subfield>
  </datafield>
  <datafield tag="952" ind1=" " ind2=" ">
    <subfield code="0">0</subfield>
    <subfield code="1">0</subfield>
    <subfield code="2">ddc</subfield>
    <subfield code="4">0</subfield>
    <subfield code="7">0</subfield>
    <subfield code="a">01</subfield>
    <subfield code="b">01</subfield>
    <subfield code="d">2017-05-31</subfield>
    <subfield code="l">0</subfield>
    <subfield code="p">01-B-4829</subfield>
    <subfield code="r">2017-05-31</subfield>
    <subfield code="w">2017-05-31</subfield>
    <subfield code="y">02</subfield>
  </datafield>
  <datafield tag="952" ind1=" " ind2=" ">
    <subfield code="0">0</subfield>
    <subfield code="1">0</subfield>
    <subfield code="2">ddc</subfield>
    <subfield code="4">0</subfield>
    <subfield code="7">0</subfield>
    <subfield code="a">01</subfield>
    <subfield code="b">01</subfield>
    <subfield code="d">2017-05-31</subfield>
    <subfield code="l">1</subfield>
    <subfield code="p">01-B-4875</subfield>
    <subfield code="r">2023-07-19</subfield>
    <subfield code="s">2023-03-23</subfield>
    <subfield code="w">2017-05-31</subfield>
    <subfield code="y">02</subfield>
  </datafield>
  <datafield tag="952" ind1=" " ind2=" ">
    <subfield code="0">0</subfield>
    <subfield code="1">0</subfield>
    <subfield code="2">ddc</subfield>
    <subfield code="4">0</subfield>
    <subfield code="7">0</subfield>
    <subfield code="a">01</subfield>
    <subfield code="b">01</subfield>
    <subfield code="d">2017-05-31</subfield>
    <subfield code="l">0</subfield>
    <subfield code="p">01-B-4881</subfield>
    <subfield code="r">2017-05-31</subfield>
    <subfield code="w">2017-05-31</subfield>
    <subfield code="y">02</subfield>
  </datafield>
  <datafield tag="952" ind1=" " ind2=" ">
    <subfield code="0">0</subfield>
    <subfield code="1">0</subfield>
    <subfield code="2">ddc</subfield>
    <subfield code="4">0</subfield>
    <subfield code="7">0</subfield>
    <subfield code="a">01</subfield>
    <subfield code="b">01</subfield>
    <subfield code="d">2017-05-31</subfield>
    <subfield code="l">0</subfield>
    <subfield code="p">01-B-4882</subfield>
    <subfield code="r">2017-05-31</subfield>
    <subfield code="w">2017-05-31</subfield>
    <subfield code="y">02</subfield>
  </datafield>
  <datafield tag="952" ind1=" " ind2=" ">
    <subfield code="0">0</subfield>
    <subfield code="1">0</subfield>
    <subfield code="2">ddc</subfield>
    <subfield code="4">0</subfield>
    <subfield code="7">0</subfield>
    <subfield code="a">01</subfield>
    <subfield code="b">01</subfield>
    <subfield code="d">2017-05-31</subfield>
    <subfield code="l">0</subfield>
    <subfield code="p">01-B-4884</subfield>
    <subfield code="r">2017-05-31</subfield>
    <subfield code="w">2017-05-31</subfield>
    <subfield code="y">02</subfield>
  </datafield>
  <datafield tag="952" ind1=" " ind2=" ">
    <subfield code="0">0</subfield>
    <subfield code="1">0</subfield>
    <subfield code="2">ddc</subfield>
    <subfield code="4">0</subfield>
    <subfield code="7">0</subfield>
    <subfield code="a">01</subfield>
    <subfield code="b">01</subfield>
    <subfield code="d">2017-05-31</subfield>
    <subfield code="l">0</subfield>
    <subfield code="p">01-B-4885</subfield>
    <subfield code="r">2017-05-31</subfield>
    <subfield code="w">2017-05-31</subfield>
    <subfield code="y">02</subfield>
  </datafield>
  <datafield tag="952" ind1=" " ind2=" ">
    <subfield code="0">0</subfield>
    <subfield code="1">0</subfield>
    <subfield code="2">ddc</subfield>
    <subfield code="4">0</subfield>
    <subfield code="7">0</subfield>
    <subfield code="a">01</subfield>
    <subfield code="b">01</subfield>
    <subfield code="d">2017-05-31</subfield>
    <subfield code="l">0</subfield>
    <subfield code="p">01-B-4886</subfield>
    <subfield code="r">2017-05-31</subfield>
    <subfield code="w">2017-05-31</subfield>
    <subfield code="y">02</subfield>
  </datafield>
  <datafield tag="952" ind1=" " ind2=" ">
    <subfield code="0">0</subfield>
    <subfield code="1">0</subfield>
    <subfield code="2">ddc</subfield>
    <subfield code="4">0</subfield>
    <subfield code="7">0</subfield>
    <subfield code="a">01</subfield>
    <subfield code="b">01</subfield>
    <subfield code="d">2017-05-31</subfield>
    <subfield code="l">0</subfield>
    <subfield code="p">01-B-4887</subfield>
    <subfield code="r">2017-05-31</subfield>
    <subfield code="w">2017-05-31</subfield>
    <subfield code="y">02</subfield>
  </datafield>
  <datafield tag="952" ind1=" " ind2=" ">
    <subfield code="0">0</subfield>
    <subfield code="1">0</subfield>
    <subfield code="2">ddc</subfield>
    <subfield code="4">0</subfield>
    <subfield code="7">0</subfield>
    <subfield code="a">01</subfield>
    <subfield code="b">01</subfield>
    <subfield code="d">2017-05-31</subfield>
    <subfield code="l">0</subfield>
    <subfield code="p">01-B-4888</subfield>
    <subfield code="r">2017-05-31</subfield>
    <subfield code="w">2017-05-31</subfield>
    <subfield code="y">02</subfield>
  </datafield>
  <datafield tag="952" ind1=" " ind2=" ">
    <subfield code="0">0</subfield>
    <subfield code="1">0</subfield>
    <subfield code="2">ddc</subfield>
    <subfield code="4">0</subfield>
    <subfield code="7">0</subfield>
    <subfield code="a">01</subfield>
    <subfield code="b">01</subfield>
    <subfield code="d">2017-05-31</subfield>
    <subfield code="l">0</subfield>
    <subfield code="p">01-B-4889</subfield>
    <subfield code="r">2017-05-31</subfield>
    <subfield code="w">2017-05-31</subfield>
    <subfield code="y">02</subfield>
  </datafield>
  <datafield tag="952" ind1=" " ind2=" ">
    <subfield code="0">0</subfield>
    <subfield code="1">0</subfield>
    <subfield code="2">ddc</subfield>
    <subfield code="4">0</subfield>
    <subfield code="7">0</subfield>
    <subfield code="a">01</subfield>
    <subfield code="b">01</subfield>
    <subfield code="d">2017-05-31</subfield>
    <subfield code="l">0</subfield>
    <subfield code="p">01-B-4890</subfield>
    <subfield code="r">2017-05-31</subfield>
    <subfield code="w">2017-05-31</subfield>
    <subfield code="y">02</subfield>
  </datafield>
  <datafield tag="952" ind1=" " ind2=" ">
    <subfield code="0">0</subfield>
    <subfield code="1">0</subfield>
    <subfield code="2">ddc</subfield>
    <subfield code="4">0</subfield>
    <subfield code="7">0</subfield>
    <subfield code="a">01</subfield>
    <subfield code="b">01</subfield>
    <subfield code="d">2017-05-31</subfield>
    <subfield code="l">0</subfield>
    <subfield code="p">01-B-4891</subfield>
    <subfield code="r">2018-05-11</subfield>
    <subfield code="w">2017-05-31</subfield>
    <subfield code="y">02</subfield>
  </datafield>
  <datafield tag="952" ind1=" " ind2=" ">
    <subfield code="0">0</subfield>
    <subfield code="1">0</subfield>
    <subfield code="2">ddc</subfield>
    <subfield code="4">0</subfield>
    <subfield code="7">0</subfield>
    <subfield code="a">01</subfield>
    <subfield code="b">01</subfield>
    <subfield code="d">2017-05-31</subfield>
    <subfield code="l">0</subfield>
    <subfield code="p">01-B-4893</subfield>
    <subfield code="r">2017-05-31</subfield>
    <subfield code="w">2017-05-31</subfield>
    <subfield code="y">02</subfield>
  </datafield>
  <datafield tag="952" ind1=" " ind2=" ">
    <subfield code="0">0</subfield>
    <subfield code="1">0</subfield>
    <subfield code="2">ddc</subfield>
    <subfield code="4">0</subfield>
    <subfield code="7">0</subfield>
    <subfield code="a">01</subfield>
    <subfield code="b">01</subfield>
    <subfield code="d">2017-05-31</subfield>
    <subfield code="l">0</subfield>
    <subfield code="p">01-B-4894</subfield>
    <subfield code="r">2017-05-31</subfield>
    <subfield code="w">2017-05-31</subfield>
    <subfield code="y">02</subfield>
  </datafield>
  <datafield tag="952" ind1=" " ind2=" ">
    <subfield code="0">0</subfield>
    <subfield code="1">0</subfield>
    <subfield code="2">ddc</subfield>
    <subfield code="4">0</subfield>
    <subfield code="7">0</subfield>
    <subfield code="a">01</subfield>
    <subfield code="b">01</subfield>
    <subfield code="d">2017-05-31</subfield>
    <subfield code="l">0</subfield>
    <subfield code="p">01-B-4896</subfield>
    <subfield code="r">2017-05-31</subfield>
    <subfield code="w">2017-05-31</subfield>
    <subfield code="y">02</subfield>
  </datafield>
  <datafield tag="952" ind1=" " ind2=" ">
    <subfield code="0">0</subfield>
    <subfield code="1">0</subfield>
    <subfield code="2">ddc</subfield>
    <subfield code="4">0</subfield>
    <subfield code="7">0</subfield>
    <subfield code="a">01</subfield>
    <subfield code="b">01</subfield>
    <subfield code="d">2017-05-31</subfield>
    <subfield code="l">0</subfield>
    <subfield code="p">01-B-4897</subfield>
    <subfield code="r">2017-05-31</subfield>
    <subfield code="w">2017-05-31</subfield>
    <subfield code="y">02</subfield>
  </datafield>
  <datafield tag="952" ind1=" " ind2=" ">
    <subfield code="0">0</subfield>
    <subfield code="1">0</subfield>
    <subfield code="2">ddc</subfield>
    <subfield code="4">0</subfield>
    <subfield code="7">0</subfield>
    <subfield code="a">01</subfield>
    <subfield code="b">01</subfield>
    <subfield code="d">2017-05-31</subfield>
    <subfield code="l">1</subfield>
    <subfield code="p">01-B-4898</subfield>
    <subfield code="r">2024-07-03</subfield>
    <subfield code="s">2024-05-25</subfield>
    <subfield code="w">2017-05-31</subfield>
    <subfield code="y">02</subfield>
  </datafield>
  <datafield tag="952" ind1=" " ind2=" ">
    <subfield code="0">0</subfield>
    <subfield code="1">0</subfield>
    <subfield code="2">ddc</subfield>
    <subfield code="4">0</subfield>
    <subfield code="7">0</subfield>
    <subfield code="a">01</subfield>
    <subfield code="b">01</subfield>
    <subfield code="d">2017-05-31</subfield>
    <subfield code="l">0</subfield>
    <subfield code="p">01-B-4899</subfield>
    <subfield code="r">2017-05-31</subfield>
    <subfield code="w">2017-05-31</subfield>
    <subfield code="y">02</subfield>
  </datafield>
  <datafield tag="952" ind1=" " ind2=" ">
    <subfield code="0">0</subfield>
    <subfield code="1">0</subfield>
    <subfield code="2">ddc</subfield>
    <subfield code="4">0</subfield>
    <subfield code="7">0</subfield>
    <subfield code="a">01</subfield>
    <subfield code="b">01</subfield>
    <subfield code="d">2017-05-31</subfield>
    <subfield code="l">1</subfield>
    <subfield code="p">01-B-4900</subfield>
    <subfield code="r">2026-03-13</subfield>
    <subfield code="s">2026-03-12</subfield>
    <subfield code="w">2017-05-31</subfield>
    <subfield code="y">02</subfield>
  </datafield>
  <datafield tag="952" ind1=" " ind2=" ">
    <subfield code="0">0</subfield>
    <subfield code="1">0</subfield>
    <subfield code="2">ddc</subfield>
    <subfield code="4">0</subfield>
    <subfield code="7">0</subfield>
    <subfield code="a">01</subfield>
    <subfield code="b">01</subfield>
    <subfield code="d">2017-05-31</subfield>
    <subfield code="l">0</subfield>
    <subfield code="p">01-B-4903</subfield>
    <subfield code="r">2017-05-31</subfield>
    <subfield code="w">2017-05-31</subfield>
    <subfield code="y">02</subfield>
  </datafield>
  <datafield tag="952" ind1=" " ind2=" ">
    <subfield code="0">0</subfield>
    <subfield code="1">0</subfield>
    <subfield code="2">ddc</subfield>
    <subfield code="4">0</subfield>
    <subfield code="7">0</subfield>
    <subfield code="a">01</subfield>
    <subfield code="b">01</subfield>
    <subfield code="d">2017-05-31</subfield>
    <subfield code="l">0</subfield>
    <subfield code="p">01-B-4904</subfield>
    <subfield code="r">2017-05-31</subfield>
    <subfield code="w">2017-05-31</subfield>
    <subfield code="y">02</subfield>
  </datafield>
  <datafield tag="952" ind1=" " ind2=" ">
    <subfield code="0">0</subfield>
    <subfield code="1">0</subfield>
    <subfield code="2">ddc</subfield>
    <subfield code="4">0</subfield>
    <subfield code="7">0</subfield>
    <subfield code="a">01</subfield>
    <subfield code="b">01</subfield>
    <subfield code="d">2017-05-31</subfield>
    <subfield code="l">0</subfield>
    <subfield code="p">01-B-4907</subfield>
    <subfield code="r">2017-05-31</subfield>
    <subfield code="w">2017-05-31</subfield>
    <subfield code="y">02</subfield>
  </datafield>
  <datafield tag="952" ind1=" " ind2=" ">
    <subfield code="0">0</subfield>
    <subfield code="1">0</subfield>
    <subfield code="2">ddc</subfield>
    <subfield code="4">0</subfield>
    <subfield code="7">0</subfield>
    <subfield code="a">01</subfield>
    <subfield code="b">01</subfield>
    <subfield code="d">2017-05-31</subfield>
    <subfield code="l">0</subfield>
    <subfield code="p">01-B-4908</subfield>
    <subfield code="r">2017-05-31</subfield>
    <subfield code="w">2017-05-31</subfield>
    <subfield code="y">02</subfield>
  </datafield>
  <datafield tag="952" ind1=" " ind2=" ">
    <subfield code="0">0</subfield>
    <subfield code="1">0</subfield>
    <subfield code="2">ddc</subfield>
    <subfield code="4">0</subfield>
    <subfield code="7">0</subfield>
    <subfield code="a">01</subfield>
    <subfield code="b">01</subfield>
    <subfield code="d">2017-05-31</subfield>
    <subfield code="l">0</subfield>
    <subfield code="p">01-B-4910</subfield>
    <subfield code="r">2017-05-31</subfield>
    <subfield code="w">2017-05-31</subfield>
    <subfield code="y">02</subfield>
  </datafield>
  <datafield tag="952" ind1=" " ind2=" ">
    <subfield code="0">0</subfield>
    <subfield code="1">0</subfield>
    <subfield code="2">ddc</subfield>
    <subfield code="4">0</subfield>
    <subfield code="7">0</subfield>
    <subfield code="a">01</subfield>
    <subfield code="b">01</subfield>
    <subfield code="d">2017-05-31</subfield>
    <subfield code="l">1</subfield>
    <subfield code="p">01-B-4913</subfield>
    <subfield code="r">2022-12-29</subfield>
    <subfield code="s">2022-12-29</subfield>
    <subfield code="w">2017-05-31</subfield>
    <subfield code="y">02</subfield>
  </datafield>
  <datafield tag="952" ind1=" " ind2=" ">
    <subfield code="0">0</subfield>
    <subfield code="1">0</subfield>
    <subfield code="2">ddc</subfield>
    <subfield code="4">0</subfield>
    <subfield code="7">0</subfield>
    <subfield code="a">01</subfield>
    <subfield code="b">01</subfield>
    <subfield code="d">2017-05-31</subfield>
    <subfield code="l">0</subfield>
    <subfield code="p">01-B-4914</subfield>
    <subfield code="r">2017-05-31</subfield>
    <subfield code="w">2017-05-31</subfield>
    <subfield code="y">02</subfield>
  </datafield>
  <datafield tag="952" ind1=" " ind2=" ">
    <subfield code="0">0</subfield>
    <subfield code="1">0</subfield>
    <subfield code="2">ddc</subfield>
    <subfield code="4">0</subfield>
    <subfield code="7">0</subfield>
    <subfield code="a">01</subfield>
    <subfield code="b">01</subfield>
    <subfield code="d">2017-05-31</subfield>
    <subfield code="l">1</subfield>
    <subfield code="p">01-B-4916</subfield>
    <subfield code="r">2022-11-12</subfield>
    <subfield code="s">2022-11-12</subfield>
    <subfield code="w">2017-05-31</subfield>
    <subfield code="y">02</subfield>
  </datafield>
  <datafield tag="952" ind1=" " ind2=" ">
    <subfield code="0">0</subfield>
    <subfield code="1">0</subfield>
    <subfield code="2">ddc</subfield>
    <subfield code="4">0</subfield>
    <subfield code="7">0</subfield>
    <subfield code="a">01</subfield>
    <subfield code="b">01</subfield>
    <subfield code="d">2017-05-31</subfield>
    <subfield code="l">0</subfield>
    <subfield code="p">01-B-4917</subfield>
    <subfield code="r">2017-05-31</subfield>
    <subfield code="w">2017-05-31</subfield>
    <subfield code="y">02</subfield>
  </datafield>
  <datafield tag="952" ind1=" " ind2=" ">
    <subfield code="0">0</subfield>
    <subfield code="1">0</subfield>
    <subfield code="2">ddc</subfield>
    <subfield code="4">0</subfield>
    <subfield code="7">0</subfield>
    <subfield code="a">01</subfield>
    <subfield code="b">01</subfield>
    <subfield code="d">2017-05-31</subfield>
    <subfield code="l">0</subfield>
    <subfield code="p">01-B-4919</subfield>
    <subfield code="r">2017-05-31</subfield>
    <subfield code="w">2017-05-31</subfield>
    <subfield code="y">02</subfield>
  </datafield>
  <datafield tag="952" ind1=" " ind2=" ">
    <subfield code="0">0</subfield>
    <subfield code="1">0</subfield>
    <subfield code="2">ddc</subfield>
    <subfield code="4">0</subfield>
    <subfield code="7">0</subfield>
    <subfield code="a">01</subfield>
    <subfield code="b">01</subfield>
    <subfield code="d">2017-05-31</subfield>
    <subfield code="l">0</subfield>
    <subfield code="p">01-B-4920</subfield>
    <subfield code="r">2017-05-31</subfield>
    <subfield code="w">2017-05-31</subfield>
    <subfield code="y">02</subfield>
  </datafield>
  <datafield tag="952" ind1=" " ind2=" ">
    <subfield code="0">0</subfield>
    <subfield code="1">0</subfield>
    <subfield code="2">ddc</subfield>
    <subfield code="4">0</subfield>
    <subfield code="7">0</subfield>
    <subfield code="a">01</subfield>
    <subfield code="b">01</subfield>
    <subfield code="d">2017-05-31</subfield>
    <subfield code="l">0</subfield>
    <subfield code="p">01-B-4922</subfield>
    <subfield code="r">2017-05-31</subfield>
    <subfield code="w">2017-05-31</subfield>
    <subfield code="y">02</subfield>
  </datafield>
  <datafield tag="952" ind1=" " ind2=" ">
    <subfield code="0">0</subfield>
    <subfield code="1">0</subfield>
    <subfield code="2">ddc</subfield>
    <subfield code="4">0</subfield>
    <subfield code="7">0</subfield>
    <subfield code="a">01</subfield>
    <subfield code="b">01</subfield>
    <subfield code="d">2017-05-31</subfield>
    <subfield code="l">0</subfield>
    <subfield code="p">01-B-4924</subfield>
    <subfield code="r">2018-02-09</subfield>
    <subfield code="w">2017-05-31</subfield>
    <subfield code="y">02</subfield>
  </datafield>
  <datafield tag="952" ind1=" " ind2=" ">
    <subfield code="0">0</subfield>
    <subfield code="1">0</subfield>
    <subfield code="2">ddc</subfield>
    <subfield code="4">0</subfield>
    <subfield code="7">0</subfield>
    <subfield code="a">01</subfield>
    <subfield code="b">01</subfield>
    <subfield code="d">2017-05-31</subfield>
    <subfield code="l">0</subfield>
    <subfield code="p">01-B-4925</subfield>
    <subfield code="r">2017-05-31</subfield>
    <subfield code="w">2017-05-31</subfield>
    <subfield code="y">02</subfield>
  </datafield>
  <datafield tag="952" ind1=" " ind2=" ">
    <subfield code="0">0</subfield>
    <subfield code="1">0</subfield>
    <subfield code="2">ddc</subfield>
    <subfield code="4">0</subfield>
    <subfield code="7">0</subfield>
    <subfield code="a">01</subfield>
    <subfield code="b">01</subfield>
    <subfield code="d">2017-05-31</subfield>
    <subfield code="l">0</subfield>
    <subfield code="p">01-B-9373</subfield>
    <subfield code="r">2017-05-31</subfield>
    <subfield code="w">2017-05-31</subfield>
    <subfield code="y">02</subfield>
  </datafield>
  <datafield tag="952" ind1=" " ind2=" ">
    <subfield code="0">0</subfield>
    <subfield code="1">0</subfield>
    <subfield code="2">ddc</subfield>
    <subfield code="4">0</subfield>
    <subfield code="7">0</subfield>
    <subfield code="a">01</subfield>
    <subfield code="b">01</subfield>
    <subfield code="d">2017-05-31</subfield>
    <subfield code="l">0</subfield>
    <subfield code="p">01-B-9374</subfield>
    <subfield code="r">2017-05-31</subfield>
    <subfield code="w">2017-05-31</subfield>
    <subfield code="y">02</subfield>
  </datafield>
  <datafield tag="952" ind1=" " ind2=" ">
    <subfield code="0">0</subfield>
    <subfield code="1">0</subfield>
    <subfield code="2">ddc</subfield>
    <subfield code="4">0</subfield>
    <subfield code="7">0</subfield>
    <subfield code="a">01</subfield>
    <subfield code="b">01</subfield>
    <subfield code="d">2017-05-31</subfield>
    <subfield code="l">0</subfield>
    <subfield code="p">01-B-9405</subfield>
    <subfield code="r">2017-05-31</subfield>
    <subfield code="w">2017-05-31</subfield>
    <subfield code="y">02</subfield>
  </datafield>
</record>
